| 000 | 00681nam a2200193 a 4500 | ||
|---|---|---|---|
| 001 | 000041113 | ||
| 005 | 20201002034629.0 | ||
| 008 | 130918s1994 sp ab 000 0 spa d | ||
| 020 | _a8400074203 | ||
| 040 |
_aDO-SdBNP _bspa _cBNPHU |
||
| 082 |
_axxxx _bN576a |
||
| 100 | 1 |
_aNgou-Mve, Nicolas _967660 |
|
| 245 | 1 | 3 |
_aEl Äfrica bantú en la colonización de méxico (1595-1640) / _cNicolás Ngou-Mve. |
| 260 |
_aMadrid : _bAgencia española de cooperación internacional, _bConsejo Superior de Investigaciones Cientificas, _c1994. |
||
| 300 |
_a197 p. : _bil., mapas ; _c21 cm. |
||
| 490 | 1 |
_aMonografías _v7 |
|
| 590 | _aInventariado, 2019 /LP. | ||
| 830 | 0 |
_aMonografías _v7 _915334 |
|
| 999 |
_c40603 _d40603 |
||